Normal view
MARC view
Entry Personal Name
001 - CONTROL NUMBER
- control field: 7799
003 - CONTROL NUMBER IDENTIFIER
- control field: OSt
005 - DATE AND TIME OF LATEST TRANSACTION
- control field: 20190807085044.0
008 - FIXED-LENGTH DATA ELEMENTS
- fixed length control field: 190807|| aca||aabn | a|a d
040 ## - CATALOGING SOURCE
- Original cataloging agency: OSt
- Transcribing agency: OSt
100 ## - HEADING--PERSONAL NAME
- Personal name: Houlberg, Kurt
670 ## - SOURCE DATA FOUND
- Source citation: Work cat.: (OSt): Lindholst, Andrej Christian 7796, Contracting out local road and park services: economic effects and their strategic, contractual and competitive conditions, 2019
